Sammana Spoken English Book-1 = සම්මාන ඉංග්‍රීසි කතා පොත - 1/

Saved in:
Bibliographic Details
Main Author: Arachchi, Sujiwa Prasanna
Format: Book
Language:English
Sinhalese
Published: Nugegoda : Madara Waduge, 2006.
Subjects:
Tags: Add Tag
No Tags, Be the first to tag this record!

MARC

LEADER 00000nam a22000007a 4500
003 LK-BiPL
005 20260315111219.0
008 260315b |||||||| |||| 00| 0 eng d
040 |a LK-BiPL  |b eng  |d LK-BiPL 
041 |a sin 
082 |2 23  |a 428  |b ARA 
100 |a Arachchi, Sujiwa Prasanna 
245 |a Sammana Spoken English Book-1 = සම්මාන ඉංග්‍රීසි කතා පොත - 1/  |c Sujiwa Prasanna Arachchi 
260 |a Nugegoda :  |b Madara Waduge,  |c 2006. 
300 |a 304p.;  |c 22cm 
650 0 |a Standard English Usage 
942 |c LBK 
999 |c 12551  |d 12551